007950000a220009700045007730055000001000038000552450181000933000046002745200353003206500024006730 tPerfiles: revista de la comunidad académica UDES1 aCastillo Villabona, Lyda Patricia10aUna mirada a la academia y la investigación en ambientes virtuales: sus características basadas en el uso de las tecnologías de la información y la comunicación (TIC) aVol.0, núm.2 ( , 2005), Páginas 34-41 aIntroducción, TICS para apoyar el quehacer académico,la investigación en línea y la gestión tecnológica, Características de la Investigación En Línea, Destrezas del Investigador para el uso de las TICS para la educación, la Investigación y la Gestión Tecnológica, Compiliación: Algunos resultados de estudios realizados.14aEDUCACIÓN VIRTUAL